|
|
|
|
| LEADER |
00000nab a2200000 a 4500 |
| 001 |
vtls000999214 |
| 003 |
SK-MaSNL |
| 005 |
20260319074047.0 |
| 008 |
040720e18890000xo 0 hun |
| 035 |
|
|
|a RVH1816
|
| 040 |
|
|
|a RVGKPD
|b slo
|c RVGKPD
|e AACR2
|
| 041 |
0 |
|
|a slo
|
| 044 |
|
|
|a xo
|c SK
|
| 080 |
|
|
|a 929 Hámos, Lajos
|2 1981
|
| 245 |
0 |
0 |
|a Haláleset
|
| 590 |
|
|
|a Hámos, Lajos, 1814-1889
|b Advokát, statkár.Narodil sa v Brzotíne.
|
| 600 |
1 |
7 |
|a Hámos, Lajos, 1814-1889
|2 RVGKPD
|9 1026528
|
| 651 |
|
7 |
|a Brzotín (Slovensko)
|2 RVGKPD
|9 31127
|
| 655 |
|
7 |
|a periodikum
|2 snkbucl
|9 29553
|
| 773 |
0 |
8 |
|t Rozsnyói Hiradó
|g Roč. 12, č.1, 06.01.1889, s. 2
|
| 852 |
|
|
|a ZVYKNI
|b KIS3GCP
|
| 999 |
|
|
|c 1686830
|d 1688760
|